[Event "Mtel Masters"]
[Site "Sofia BUL"]
[Date "2005.05.14"]
[Round "3"]
[White "Adams, Michael"]
[Black "Kramnik, Vladimir"]
[Result "1-0"]
[WhiteElo "2737"]
[BlackElo "2753"]
[Annotator "Ubilava, E"]
[PlyCount "81"]
[EventDate "2005.05.12"]
[EventRounds "10"]
[EventCategory "20"]
[Source "EDAMI"]
[SourceDate "2006.12.20"]

{Una cierta crisis que atraviesa la variante de Sveshnikov otorga a la defensa
Petrov la prioridad a la hora de eligir una apertura segura, entre la elite
ajedresistica. V.Kramnik sigue manteniendo la fama de uno de los experos mas
importantes en Petrov, pero en la presente partida, despues de una innovacion
inofensiva de su rival 16.Bg3, utiliza un sacrificio atractiva para la vista,
pero dificilmente recomendable por su contenido. El granmaestro Britanico
reagrupa sus piezas y empiaza acosar el monarca de su adversario con varias
piezas, que superan con creces el material que obtuvo V.Kramnik despues de la
combinacion. Para aliviar la defensa las negras sacrifican sus peones en el
flanco de dama, pero ahora, la superioridad material de su contrincante, les
deja en una posicion perdida.} 1. e4 e5 2. Nf3 Nf6 3. Nxe5 d6 4. Nf3 Nxe4 5. d4
d5 6. Bd3 Nc6 7. O-O Be7 8. c4 Nb4 9. Be2 O-O 10. Nc3 Bf5 11. a3 Nxc3 12. bxc3
Nc6 13. Re1 Re8 14. cxd5 Qxd5 15. Bf4 Rac8 {Probablemente es el orden mas
utilizado en los ultimos anos y una de las tabias de la defensa. La siguiente
jugada del Ingles no pretende revolucionar esa posicion simplemente evita una
de las amenazas posicionales que hay en este momento Qe4 y Qc2.} 16. Bg3 Bf6 {
En ese mismo torneo V.Anand consigui una posicion comoda despues de} (16... Bd6
17. Nd2 Bxg3 18. hxg3 Na5 19. Qa4 Bd7 20. Qc2 b6 21. Bd3 h6 22. Bh7+ Kf8 23.
Be4 Qd6 24. Nf3 Be6 25. Ne5 Bb3 26. Qe2 c5 {
M.Adams-V.Anand Sofia, Mtel Masters 2005.}) 17. Nd2 Qa5 18. Qc1 {diagrama.}
Bxd4 $6 {Este sacrificio parece muy atractivo, pero como demuestra la propia
partida, despues de la combinacion, las piezas blancas, la tore y dos piezas
menores, superan en actividad la dama y dos peones negros. Existe otra
continuacion, tambien tactica, pero deberia ser comprobada en la practica:} (
18... Qa4 19. Qb2 Nxd4 20. cxd4 Bxd4 21. Qc1 (21. Bb5 c6 22. Bxa4 Bxb2 23. Rad1
b5 24. Bb3 Bxa3) 21... Bxa1 22. Qxa1 Rcd8 23. Nf3 c5) 19. cxd4 Nxd4 20. Bc4 Nc2
({Como demuestra la variante} 20... Rxe1+ 21. Qxe1 Nc2 22. Qe7 Nxa1 23. Bxf7+
Kh8 24. Be5 $1 (24. Be8 Be6 25. Qxe6 Qxd2 26. h3 Qd1+ 27. Kh2 Qd8 {
esta bien para Kramnik}) 24... Qxd2 25. Bxg7+ Kxg7 26. Be8+ Kh6 27. Qf8+ Kg5
28. f4+ $1 Qxf4 29. Qe7+ Kh6 30. Qf6+ {
las negras pierden y por eso no podian entrar en esa dinamica.}) 21. Rxe8+ Rxe8
22. Rb1 Re1+ 23. Qxe1 Nxe1 24. Rxe1 {Materialmente las partes quedaron mas o
menos igualados, pero aparecen otros factores que influyen decididamente en la
evaluacion de la partida: es la posicion del rey negro. Este factor mas
poderoso a la hora de entender la posicion aqui esta contra las negras. El rey
no tiene una posicion segura y eso determina la ventaja del jugador Britanico.}
Kf8 ({En caso de} 24... Be6 {
las blancas pueden mantener su ventaja por medio de} 25. Nf3 b5 26. Bxe6 fxe6
27. Re3) 25. Nf3 f6 {
Kramnik intenta controlar la actividad de las piezas negras. Despues de} (25...
Qxa3 26. Bxc7 Qc5 27. Bf4 h6 28. Rc1 {las blancas mantiene la presion.}) 26.
Rd1 Qc5 ({No cambia nada} 26... Qc3 {por} 27. Bf1) 27. Bf1 Ke8 28. Nd4 Bd7 29.
Rd3 $1 {Michael no solo defiende su peon a3, sino al mismo tiempo traslada la
tore en un lugar mas seguro manteniendo su plena movilidad.} a5 30. h3 b5 {
diagrama.} (30... a4 31. Ne2 {con la idea 32.Nc3}) 31. Nb3 $1 {Las blancas
empiezan incrementar su ventaja combinando las amenazas al rey, a la dama y a
los peones negros.} Qxa3 32. Bxc7 a4 33. Bd6 Qb2 34. Nc5 a3 35. Re3+ Kf7 {
diagrama.} 36. Nd3 $1 {Otro salto elegante del caballo deja a las negras sin
su esperanza en el flanco de dama.} Qb1 37. Bxa3 Be6 38. Nf4 b4 39. Bxb4 Qxb4
40. Nxe6 g6 41. g3 {Kramnik no quiso sufrir mas, porque las blancas van a
realizar su gran ventaja material poco a poco.} 1-0

[Event "Mtel Masters"]
[Site "Sofia BUL"]
[Date "2005.05.16"]
[Round "5"]
[White "Ponomariov, Ruslan"]
[Black "Topalov, Veselin"]
[Result "1-0"]
[WhiteElo "2695"]
[BlackElo "2778"]
[Annotator "Ubilava, E"]
[PlyCount "79"]
[EventDate "2005.05.12"]
[EventRounds "10"]
[EventCategory "20"]
[Source "EDAMI"]
[SourceDate "2006.12.20"]

{En la jugada once V.Topalov utiliza una novedad muy interesante, pero eso me
suena a mi, mas bien, como una inspiracion sobre el tablero que una
preparacion casera. Ponomariov devolvio rapidamente la dama, sacrificado por
su rival una jugada antes y quedo con calidad de ventaja. Las dos alfiles u el
caballo en d5 prometian al granmaestro Bulgaro una igualdad facil, pero las
variantes no muestran esa aparente igualdad, siempre existe algo molesto para
las negras lo que les obliga concentrarse solo para defender la posicion. en
el medio juego, el gran maestro ukraniano encuentra un magnifico sacrificio
del caballo que paraliza completamente las piezas de su contrincante. "Pono"
podia terminar la partida en pocas jugadas, pero se equivoca y deja que su
rival construya una fortaleza. Sin embargo el bulgaro no aprovecha esa
oportunidad y pierde la partida.} 1. d4 Nf6 2. c4 e6 3. Nf3 d5 4. g3 Bb4+ 5.
Bd2 Be7 6. Bg2 O-O 7. O-O c6 8. Bf4 b6 9. Nc3 Ba6 10. cxd5 cxd5 11. Rc1 {
Hemos llegado a una posicion bastante esquematica, aburrida y poca practicada.
Especialmente por esas razones me cuesta creer que la siguente novedad de
Veselin es el resultado de una preparacion previa.} Nc6 $5 $146 {diagrama} 12.
Nxd5 $1 Qxd5 ({No es satisfactorio para las negras} 12... Nxd5 13. Rxc6 Nb4 14.
Rc1 Nxa2 15. Ra1 Nb4 16. Ne5 Rc8 17. Bd2) 13. Ne5 Nxd4 14. Bxd5 Nxe2+ {
Este jaque intermedia es la clave de la idea del bulgaro} 15. Qxe2 $1 {
Ponomariov reaciona correctamente, no vale} (15. Kh1 Nxd5 16. Rc2 ({
tampoco cambia mucho} 16. Re1 Ndxf4 17. gxf4 Nxc1 18. Qxc1 Rac8 19. Qd1 Bb7+
20. Kg1 Rfd8 {con ventaja}) 16... Nexf4 17. gxf4 Bxf1 18. Qxf1 Nxf4 {
con la superioridad de las negras.}) 15... Bxe2 16. Bxa8 Rxa8 $6 {
Probablemente es el momento donde falla Topalov, habia que seguir} (16... Bxf1
17. Bf3 Bb5 18. Rc7 Bc5 19. Rxa7 Nd5 20. a4 f6 21. Bxd5 exd5 22. Nd7 Bxd7 23.
Rxd7 Re8 24. Kf1 Re4 {con igualdad.}) 17. Rfe1 Bb5 18. Rc2 {Apartir de ahora,
a pesar de aparente igualdad las blancas mantienen una presion constante sobre
su rival.} Nd5 19. Rec1 Bc5 20. Bd2 f6 ({En caso de} 20... a5 {
las blancas no consiguen ventaja despues de} 21. Nc4 (21. Rxc5 bxc5 22. Rxc5
Rb8 23. Bxa5 {por} f6 $1 {y el caballo no tiene buenas casilla para retroceder}
24. Nc4 (24. Nf3 Be2) 24... Bxc4 25. Rxc4 Rxb2 26. a4 Ra2 {
con igualdad, lo correcto es}) 21... Bxc4 22. Rxc4 {con pequena ventaja.}) 21.
b4 $1 Bf8 ({La replica} 21... Nxb4 {tampoco iguala la partida por} 22. Bxb4
Bxb4 23. Rc8+ (23. Rb1 a5) 23... Rxc8 24. Rxc8+ Bf8 25. Nc6 Bxc6 26. Rxc6 e5
27. Rc8 {y las blancas ganan uno de los peones del flanco de dama.}) 22. Ng4
Rd8 ({Veamos que pasa en la variante} 22... Nxb4 23. Rc8 ({la continuacion} 23.
Rb2 a5 24. a3 Be2 25. Nxf6+ gxf6 26. axb4 Bf3 27. Ra2 a4 {
es bueno para las negras.}) 23... Rxc8 24. Rxc8 Nxa2 25. Nxf6+ gxf6 26. Bh6 Kf7
27. Rxf8+ Kg6 28. Bd2 {y el caballo en a2 esta myu incomodo}) (22... Be2 23.
Ne3 {tampoco resuelve todas las problemas.}) 23. Rc8 Rd7 {diagrama.} 24. Nh6+
$3 {Este sorprendente sacrificio aclara las dudas de la posicion a favor del
ukraniano.} gxh6 25. Bxh6 Rf7 26. Rd8 Ne7 ({Pierde} 26... Ba6 $2 {por} 27. b5
$1 Bb7 28. Rb8 {y no hay defensa contra B:f8 y R:b7.}) 27. Rc7 Ng6 28. Rcc8 e5
({Es prematuro} 28... Be2 29. Kg2 e5 30. f3 e4 {por simple} (30... f5 31. Kf2
Ba6 32. Rb8) 31. fxe4) 29. f4 $6 {
Ruslan tiene prisa y comete error, habia que jugar} (29. f3 $1 {
con idea de llevar el peon "h" hasta h5} Bd7 30. Rb8 Bc6 31. Kf2 e4 32. h4 {
y la lucha esta terminada.}) 29... Bd7 30. Ra8 Bh3 {Las negras bloquean el
peon mas peligroso y eso deberia ser suficiente para agantar la presion.} 31.
Kf2 b5 $6 ({No veo como gana las blancas despues de} 31... e4 32. Ke3 f5) 32.
Rdb8 exf4 ({Ahora no es suficiente} 32... e4 33. Rxb5 f5 34. Rbb8 Bg4 35. a4 {
con ventaja decisiva}) 33. gxf4 Bd7 34. h4 Bc6 35. h5 $1 {
La clavada que mantiene "Pono" despues de esa accion es decisiva.} Bxa8 36.
hxg6 hxg6 37. Rxa8 f5 (37... g5 38. f5 {tambien es desesperada para las negras.
}) 38. Kg3 a6 39. Kh4 Rg7 40. Kg5 {no quedan jugadas razonables.} 1-0

[Event "Mtel Masters"]
[Site "Sofia BUL"]
[Date "2005.05.18"]
[Round "6"]
[White "Ponomariov, Ruslan"]
[Black "Kramnik, Vladimir"]
[Result "1-0"]
[WhiteElo "2695"]
[BlackElo "2753"]
[Annotator "Ubilava, E"]
[PlyCount "89"]
[EventDate "2005.05.12"]
[EventRounds "10"]
[EventCategory "20"]
[Source "EDAMI"]
[SourceDate "2006.12.20"]

{Las ideas deben estar maduras para utilizarlas, en caso contrario son como
bumerangs, que vuelven en contra de quien las utiliza. Parece que eso
precisamente le pasó a Vladi, al pretender realizar una ruptura muy arriesgada
en la jugada doce. Las blancas reaccionaron contundentemente ante los
problemas surgidos y no perdonaron a su rival, superando con autoridad al
Campeón del Mundo de Ajedrez Clásico.} 1. d4 Nf6 2. c4 e6 3. Nf3 b6 4. Nc3 Bb7
5. Bg5 h6 6. Bh4 g5 ({Kramnik no quiere una discusión teórica en la variante} 
6... Bb4 7. e3 g5 8. Bg3 Ne4) 7. Bg3 Nh5 8. e3 Nxg3 9. hxg3 Bg7 10. Qc2 Nc6 11.
O-O-O Qe7 12. g4 Nb4 ({
En el único ejemplo práctico conocido en esta posición, las negras continuaron
} 12... O-O-O 13. a3 Kb8 14. Be2 h5 15. gxh5 g4 16. Nd2 f5 17. f3 Qg5 18. f4
Qf6 19. Nf1 Ne7 20. Bd3 {y tuvieron dificultades para recuperar el peón
sacrificado, Zilberman-Farago. Capelle la Grande 2004.}) 13. Qd2 c5 {Las negras
intentan romper esas cadenas centrales tan sólidas con el golpe lateral, para
dar la vida a sus alfiles. Pero parece que el intento de Kramnik no está
suficientemente preparado.} 14. d5 (14. a3 {no es peligroso para Vladi por} Nc6
$1 ({no funciona ni} 14... Bxf3 15. gxf3 cxd4 16. Nb5 Na6 17. Nxd4 Nc5 18. Kb1
a5 19. Bg2) (14... Na6 {ni} 15. d5 O-O-O 16. d6 Qf6 17. Qc2 {
con ventaja blanca en ambas variantes.}) 15. Nb5 O-O $1 16. dxc5 bxc5 17. Qxd7
Qf6 18. Nc3 Rab8 {con excelente contrajuego por solo un peón.}) 14... exd5 (
14... O-O-O {
puede llevar a una transposición que hemos mencionado en la variante anterior.}
15. d6 Qf6 16. a3 Na6 (16... Nc6 17. Ne4 Qg6 18. Bd3 f5 19. Ng3 {
es desagradable.}) 17. Qc2) 15. a3 {diagrama.} dxc4 {para evitar la presión
estratégica, Kramnik da un paso más y sacrifica la pieza. Con ello quema sus
naves pues ya no hay marcha atrás.} 16. axb4 {
Esto es mucho más contundente que la tibia} (16. Bxc4 {
ahora las negras tienen dos opciones:} Nc6 (16... Na6 17. Nd5 Bxd5 18. Qxd5 Nc7
19. Qb7 (19. Qxf7+ Qxf7 20. Bxf7+ Ke7 {da solo igualdad}) 19... Qf6 20. Rd2 Qc6
21. Qxc6 dxc6 22. Rhd1 {con buena compensación}) 17. Nd5 Qd6 18. Qc2 Na5 19.
Ba2 c4 {y esta posición no me parece fácil de evaluar.}) 16... cxb4 {diagrama.}
17. Nb5 $1 ({La jugada} 17. Nd5 {otorga muchas esperanzas al rival después de}
c3 18. bxc3 bxc3 19. Qa2 Qc5) 17... d5 18. Nbd4 {
La ruta de este caballo es llegar a f5} Bf6 19. e4 $1 c3 {
Para las negras ya no queda otro remedio que huir hacia adelante} (19... dxe4
20. Nf5 c3 {es una transposición.}) 20. bxc3 dxe4 21. Nf5 Qc7 22. Bb5+ Kf8 23.
N3d4 Rc8 24. Ne2 e3 {Las negras no pueden seguir} (24... bxc3 25. Qa2 Qe5 26.
Rd7 Rh7 27. Bc4 {con amenazas muy peligrosas.}) 25. Qxe3 ({También es posible} 
25. Qa2 {por ejemplo:} Qe5 26. Rd7 Rh7 27. Rxb7 Qxb5 28. Nd6 b3 29. Nxb5 bxa2
30. Rxa7 exf2 31. Rxa2 Rc5 32. Nd6 Bxc3 33. Ne4 {
y las blancas ganan, pero la elección del ucraniano convence más.}) 25... Bxg2
26. Rhg1 Bc6 ({A Kramnik no debería gustarle la variante} 26... Bxc3 27. Nxc3 (
{sorprendentemente después de} 27. Kb1 Bc6 28. Bxc6 Qxc6 29. Qe7+ Kg8 30. Rd8+
Rxd8 31. Qxd8+ Kh7 32. Qd3 {las negras tienen un contragolpe fuerte} Rd8 $1)
27... Be4 $1 28. Rg3 Bxf5 29. gxf5 Qxc3+ 30. Qxc3 bxc3 31. f6 {
y la torre en h8 sigue encerrada.}) 27. Bxc6 Qxc6 28. Rd6 {Prácticamente la
lucha está terminada y solo queda la parte técnica para encontrar la manera
más fácil de realizar la gran ventaja material.} Qa4 29. Rxf6 Qa1+ 30. Kd2 Qa2+
31. Kd1 Re8 32. Qd3 Qa4+ 33. Qc2 Qxc2+ 34. Kxc2 Rxe2+ 35. Kb3 bxc3 ({
También pierde} 35... Rxf2 36. Rd1 Re2 37. Rd7 Rh7 38. cxb4) 36. Rd1 Rd2 37.
Rc1 c2 38. Rc6 $1 Kg8 39. Nxh6+ Kh7 40. Nxf7 Rg8 41. R1xc2 Rxc2 42. Kxc2 Rg7
43. Rf6 Kg8 44. Ne5 Kh7 45. Rf5 1-0

[Event "Mtel Masters"]
[Site "Sofia BUL"]
[Date "2005.05.18"]
[Round "6"]
[White "Topalov, Veselin"]
[Black "Anand, Viswanathan"]
[Result "1-0"]
[WhiteElo "2778"]
[BlackElo "2785"]
[Annotator "Ubilava, E"]
[PlyCount "103"]
[EventDate "2005.05.12"]
[EventRounds "10"]
[EventCategory "20"]
[Source "EDAMI"]
[SourceDate "2006.12.20"]

{Debo confesar que quedé impresionado por esta partida. La idea de Topalov,
comenzando desde la novedosa jugada once, y siguiendo con la entrega del peón
central y posterior sacrificio de caballo, con el enroque largo y la
colocación de la torre blanca en e6 para obtener una presión agobiante, me
pareció muy difícil de repeler por parte de las negras. Parece que el futuro
vencedor del torneo hizo una magnífica preparación casera y jugó toda la
partida de modo muy inspirado. Es sumamente difícil encontrar la verdad en
partidas tan irracionales, aún más sin haber presenciado los análisis de los
jugadores en el "post mortem" de la partida, así que como guía, vamos a
utilizar nuestra experiencia e intuición.} 1. d4 Nf6 2. c4 e6 3. Nf3 b6 4. g3
Ba6 5. b3 Bb4+ 6. Bd2 Be7 7. Nc3 c6 8. e4 d5 9. Qc2 dxe4 10. Nxe4 Bb7 11. Neg5
$5 {Probablemente esta nueva idea de "Topy" surgió después de su partida
contra Leko en Mónaco, donde las blancas siguieron de forma más racional:} (11.
Bg2 c5 12. Neg5 Nc6 13. dxc5 bxc5 14. Bc3 Nd4 15. Bxd4 cxd4 16. O-O O-O 17. Ne5
Bxg2 18. Kxg2 Bd6 19. Ng4 g6 20. Nh6+ Kg7 21. Nhxf7 {
consiguiendo ventaja decisiva, Topalov-Leko, Mónaco (a ciegas) 2005.}) 11... c5
({La jugada} 11... h6 {provoca el sacrificio inmediato} 12. Nxf7 Kxf7 13. Ne5+
Kg8 14. Bh3 Bc8 (14... Qxd4 $2 {pierde por} 15. Bxe6+ Kf8 16. Ng6+ Ke8 17. O-O
Qe4 18. Qxe4 Nxe4 19. Rfe1 $1 c5 (19... Nxd2 20. Bg4 {las blancas ganan}) 20.
Bf5 {también está ganada para las blancas.}) 15. O-O {
creo que las blancas tienen buena compensación por la pieza.}) 12. d5 $1 {
Diagrama  Este sacrificio es la parte esencial de la idea de Veselin, quien
intenta abrir la posición para aprovechar su mejor desarrollo.} exd5 13. cxd5
h6 (13... Bxd5 {merece una atención especial. Una posible continuación sería}
14. O-O-O h6 15. Bc3 hxg5 16. Bc4 Nc6 (16... Qc8 17. Rxd5 $1 Nxd5 18. Bxd5 Nc6
19. Bxg7 Nb4 20. Bxf7+ Kxf7 21. Ne5+ {
termina con un ataque decisivo para el jugador búlgaro.}) 17. Bxf6 gxf6 18.
Bxd5 Qc7 19. Qe4 {las blancas mantienen iniciativa.}) 14. Nxf7 Kxf7 15. O-O-O
Bd6 ({Las negras no pueden tomar el peon central} 15... Bxd5 {por} 16. Bc3 Nbd7
({no vale} 16... Bxf3 17. Bc4+ Bd5 18. Bxf6) 17. Bxf6 Bxf3 18. Qf5 $1 gxf6 (
18... Bxd1 19. Bc4+ {remata}) 19. Qxf3 Qe8 20. Bb5 Rd8 21. Qf5 {
y las blancas ganan.}) 16. Nh4 Bc8 {Con esa jugada el granmaestro indio impide
la entrada de caballo en f5 despues de jaque en g6 con la dama, por ejemplo:} (
16... Re8 17. Qg6+ Kf8 18. Nf5 Re7 19. Bxh6 {destrozando la posicion.}) 17. Re1
Na6 {Vishy quiere sacar rapidamente sus piezas para disminuir el grado de
persion de su rival. Supongo que en caso de  diagrama.} (17... Kg8 {
Topalov seguiria} 18. Bc4) 18. Re6 $1 {
Esa jugada me parece muy fuerte porque prepara la amenaza Qg6+ y Nf5.} Nb4 19.
Bxb4 ({de momento no es tan fuerte} 19. Qg6+ Kg8 20. Nf5 {por} Bf8) 19... cxb4
20. Bc4 b5 ({La tore en e6 es intocable} 20... Bxe6 21. dxe6+ Kf8 22. Ng6+ Ke8
23. Bb5+) 21. Bxb5 Be7 $2 {Las negras quieren una vez por todas escapar de esa
presion y cometen un error evidente, aunque no estoy tan seguro que otros
caminos podian salvar la partida, lo mas apropiado parece la via} (21... Kg8
22. Qg6 Qf8 23. Bc4 Bxe6 24. dxe6 Rc8 25. Kb1 Rxc4 26. bxc4 Rh7 27. Rd1 Be7 28.
f4 a5 {con suficiente compensacion para las blancas.}) 22. Ng6 $1 Nxd5 23.
Rxe7+ ({Fritzi indica como decisiva la jugada} 23. Re5 $1 {con amenaza de R:d5}
) 23... Nxe7 24. Bc4+ Kf6 25. Nxh8 Qd4 26. Rd1 Qa1+ 27. Kd2 Qd4+ 28. Ke1 Qe5+
29. Qe2 Qxe2+ 30. Kxe2 {despues de los cambios ha surgido un final
tecnicamente ganada para las blancas.} Nf5 31. Nf7 a5 32. g4 Nh4 33. h3 Ra7 34.
Rd6+ Ke7 35. Rb6 Rc7 36. Ne5 {Las negras practicamente no tienen opciones por
la mala situacion de su rey y su caballo en h4} Ng2 37. Ng6+ Kd8 38. Kf1 Bb7
39. Rxb7 Rxb7 40. Kxg2 Rd7 {Vishy aun tiene una pequena esperanz atacando peon
en a2 para crear algo de contrajuego.} 41. Nf8 Rd2 42. Ne6+ Ke7 43. Nxg7 Rxa2
44. Nf5+ Kf6 45. Nxh6 {Las blancas llegan claramente antes con la armada de
sus peones en el flaco de rey.} Rc2 46. Bf7 Rc3 47. f4 a4 48. bxa4 b3 49. g5+
Kg7 50. f5 b2 51. f6+ Kh7 52. Nf5 1-0